000 00507nam a2200169Ia 4500
999 _c58569
_d58566
082 _aR/5BS(CS)10
100 _aSyed Abbas Ali Shah
100 _aRoll No. 10BS(CS)35
100 _aSupervisor - Engr. Fozia Noureen Shaikh
245 0 _aOnline English Tutor.
260 _aNawabshah
_bQUEST
_c2014
300 _a54p
700 _aSyed Aslam Ali Shah (Roll No. 10BS(CS)01)
700 _aFida Hussain Samo (Roll No. 10BS(CS)26)
700 _aRashid Ali Mallah (Roll No. 10BS(CS)44)
942 _cTHESIS